[Event "Titled Tuesday intern op 23rd Apr Late"]
[Site "Chess.com INT"]
[Date "2024.04.23"]
[Round "8"]
[White "Velikanov, Alexander"]
[Black "Fieberg, Samuel"]
[Result "1-0"]
[WhiteElo "2387"]
[BlackElo "2157"]
[PlyCount "93"]
[EventDate "2024.04.23"]
[EventType "swiss (blitz)"]
[EventRounds "11"]
[EventCountry "USA"]
[SourceTitle "CB18_2024"]
[SourceDate "2024.05.01"]
[SourceVersion "1"]
[SourceVersionDate "2024.05.01"]
[SourceQuality "2"]

1. e4 e6 2. d4 d5 3. exd5 exd5 4. Nf3 Nc6 5. Nc3 Nf6 6. Bb5 Bd6 7. 0-0 0-0 8. Bg5 Be6 9. Bxc6 bxc6 10. Ne5 c5 11. f4 cxd4 12. Qxd4 c5 13. Qd3 c4 14. Qd4 Qb6 15. Qxb6 axb6 16. Bxf6 gxf6 17. Nf3 Bc5+ 18. Kh1 d4 19. Nb5 d3 20. cxd3 cxd3 21. b3 Rfc8 22. Rfd1 Bd7 23. Nbd4 Ba3 24. Rxd3 Bb2 25. Rb1 Rxa2 26. Rd2 Bxd4 27. Rxa2 Be3 28. Rd1 Bg4 29. Ra4 Bxf3 30. gxf3 Rc2 31. Re4 Bc5 32. b4 Bf2 33. f5 Kg7 34. Rg4+ Kh6 35. Rg2 Rb2 36. h3 Kh5 37. Kh2 h6 38. Rd7 Kh4 39. Rxf7 Bd4 40. Rxb2 Bxb2 41. Rg7 h5 42. Kg2 Bd4 43. Rd7 Be5 44. b5 Kg5 45. Rh7 Kh4 46. Kf2 Kxh3 47. Rxh5# 1-0

[Event "Titled Tuesday intern op 16th Apr Early"]
[Site "Chess.com INT"]
[Date "2024.04.16"]
[Round "2"]
[White "Fieberg, Samuel"]
[Black "Kozlov, Denis1"]
[Result "1-0"]
[WhiteElo "2157"]
[BlackElo "2093"]
[PlyCount "55"]
[EventDate "2024.04.16"]
[EventType "swiss (blitz)"]
[EventRounds "11"]
[EventCountry "USA"]
[SourceTitle "CB17_2024"]
[SourceDate "2024.04.24"]
[SourceVersion "1"]
[SourceVersionDate "2024.04.24"]
[SourceQuality "1"]

1. Nf3 Nf6 2. g3 d5 3. Bg2 c6 4. b3 Bg4 5. Bb2 Nbd7 6. 0-0 e6 7. c4 Bd6 8. cxd5 exd5 9. h3 Bh5 10. d3 0-0 11. Nbd2 Re8 12. Re1 a5 13. Qc2 Bg6 14. Nh4 a4 15. Nxg6 hxg6 16. e4 Qb6 17. exd5 cxd5 18. Rxe8+ Rxe8 19. d4 a3 20. Bc3 Rc8 21. Qd3 Qa6 22. Qf3 Ne4 23. Nxe4 dxe4 24. Qe3 Nf6 25. Be1 Rc2 26. g4 Qd3 27. g5 Qxe3 28. fxe3 1-0

[Event "Titled Tuesday intern op 16th Apr Late"]
[Site "Chess.com INT"]
[Date "2024.04.16"]
[Round "4"]
[White "Fieberg, Samuel"]
[Black "Venkatesh, Narayan"]
[Result "0-1"]
[WhiteElo "2157"]
[BlackElo "2033"]
[PlyCount "154"]
[EventDate "2024.04.16"]
[EventType "swiss (blitz)"]
[EventRounds "11"]
[EventCountry "USA"]
[SourceTitle "CB17_2024"]
[SourceDate "2024.04.24"]
[SourceVersion "1"]
[SourceVersionDate "2024.04.24"]
[SourceQuality "1"]

1. a3 d5 2. b4 e5 3. Bb2 Bd6 4. e3 Ne7 5. c4 c6 6. Nf3 Nd7 7. Nc3 0-0 8. e4 d4 9. Ne2 c5 10. b5 f5 11. d3 Nf6 12. Ng3 fxe4 13. dxe4 Ng6 14. Bd3 Nf4 15. Rg1 Bg4 16. Bc1 N6h5 17. Ne2 Nxg2+ 18. Rxg2 Bxf3 19. Rg5 h6 20. Rg1 Qh4 21. Rg6 Be7 22. Qd2 Bg5 23. Rxg5 hxg5 24. Qxg5 Qxh2 25. Qg1 Qh4 26. Bg5 Qg4 27. Qxg4 Bxg4 28. Be7 Rfc8 29. Bd6 b6 30. Bxe5 Re8 31. Bh2 Bf3 32. e5 g5 33. Kd2 g4 34. Rg1 Kf7 35. Nf4 Nxf4 36. Bxf4 Ke6 37. Re1 Rf8 38. Bg3 Rae8 39. a4 Kd7 40. Ra1 Bb7 41. a5 Rf3 42. axb6 axb6 43. Ra7 Kc8 44. Bg6 Re6 45. Bh5 Rxg3 46. fxg3 Rxe5 47. Bxg4+ Kb8 48. Ra1 Re3 49. Rg1 Be4 50. Be2 Rc3 51. g4 Rc2+ 52. Kd1 d3 53. Bf1 Bf3+ 54. Ke1 d2+ 55. Kf2 d1Q+ 56. Kg3 Qd6+ 57. Kh4 Qh6+ 58. Kg3 Bb7 59. Bg2 Qd6+ 60. Kh3 Rxg2 61. Rxg2 Bxg2+ 62. Kxg2 Qd3 63. Kh2 Qxc4 64. Kg2 Qxb5 65. Kf2 Qe8 66. Kf1 Qf7+ 67. Kg2 Qg6 68. Kg1 Kc7 69. g5 Kd6 70. Kf2 Ke5 71. Ke1 Qxg5 72. Kd1 Qe3 73. Kc2 Kd4 74. Kb1 c4 75. Kb2 c3+ 76. Kb1 Qd2 77. Ka1 Qb2# 0-1

[Event "Titled Tuesday intern op 16th Apr Late"]
[Site "Chess.com INT"]
[Date "2024.04.16"]
[Round "3"]
[White "Ivic, Velimir"]
[Black "Fieberg, Samuel"]
[Result "1-0"]
[WhiteElo "2582"]
[BlackElo "2157"]
[PlyCount "61"]
[EventDate "2024.04.16"]
[EventType "swiss (blitz)"]
[EventRounds "11"]
[EventCountry "USA"]
[SourceTitle "CB17_2024"]
[SourceDate "2024.04.24"]
[SourceVersion "1"]
[SourceVersionDate "2024.04.24"]
[SourceQuality "1"]

1. e4 e6 2. Qe2 c5 3. Nf3 Nc6 4. g3 g6 5. Bg2 Bg7 6. 0-0 d6 7. c3 Nge7 8. Rd1 e5 9. Na3 0-0 10. Nc2 Qc7 11. d4 exd4 12. cxd4 f5 13. dxc5 dxc5 14. Bf4 Qb6 15. e5 h6 16. e6 Qxb2 17. Bd6 Re8 18. Bxc5 Qf6 19. Nfd4 Qe5 20. Qxe5 Bxe5 21. Rab1 Nxd4 22. Nxd4 Bxd4 23. Rxd4 Nc6 24. Rd6 Bxe6 25. Rxb7 Rad8 26. Bxc6 Rxd6 27. Bxd6 Rd8 28. Be5 Rd1+ 29. Kg2 Rc1 30. Bf3 Rc5 31. Bd4 1-0

[Event "Titled Tuesday intern op 27th Feb Late"]
[Site "Chess.com INT"]
[Date "2024.02.27"]
[Round "2"]
[White "Fieberg, Samuel"]
[Black "Escalante, Rafael"]
[Result "1-0"]
[WhiteElo "2157"]
[BlackElo "2205"]
[PlyCount "97"]
[EventDate "2024.02.27"]
[EventType "swiss (blitz)"]
[EventRounds "11"]
[EventCountry "USA"]
[SourceTitle "CB10_2024"]
[SourceDate "2024.03.06"]
[SourceVersion "1"]
[SourceVersionDate "2024.03.06"]
[SourceQuality "1"]

1. Nf3 Nf6 2. g3 b6 3. Bg2 Bb7 4. 0-0 c5 5. c4 e6 6. b3 Be7 7. Bb2 0-0 8. d4 cxd4 9. Nxd4 Bxg2 10. Kxg2 Qc7 11. Nc3 Qb7+ 12. Nf3 d6 13. Qd2 a6 14. Rfd1 Nbd7 15. Rac1 Rfd8 16. Kg1 b5 17. Qf4 bxc4 18. Qxc4 d5 19. Qd3 Nc5 20. Qb1 Rac8 21. Qa1 Qb6 22. h3 Nce4 23. Nxe4 dxe4 24. Bd4 Qb5 25. Ne5 Qxe2 26. Nc6 Ba3 27. Nxd8 Bxc1 28. Rxc1 Rxd8 29. Bxf6 gxf6 30. Qxf6 Rd1+ 31. Rxd1 Qxd1+ 32. Kg2 Qc2 33. Qd8+ Kg7 34. Qg5+ Kf8 35. Qa5 e3 36. Qb4+ Kg7 37. Qd4+ Kf8 38. Qxe3 Qxa2 39. Qh6+ Kg8 40. Qg5+ Kf8 41. Qd8+ Kg7 42. Qd4+ Kg8 43. Qc4 Kg7 44. h4 h6 45. h5 Qa5 46. Qg4+ Kf8 47. Qf4 Kg7 48. g4 Qd5+ 49. Qf3 1-0

[Event "Titled Tuesday intern op 27th Feb Late"]
[Site "Chess.com INT"]
[Date "2024.02.27"]
[Round "11"]
[White "Mendes, Aaron Reeve"]
[Black "Fieberg, Samuel"]
[Result "1-0"]
[WhiteElo "2309"]
[BlackElo "2157"]
[PlyCount "63"]
[EventDate "2024.02.27"]
[EventType "swiss (blitz)"]
[EventRounds "11"]
[EventCountry "USA"]
[SourceTitle "CB10_2024"]
[SourceDate "2024.03.06"]
[SourceVersion "1"]
[SourceVersionDate "2024.03.06"]
[SourceQuality "1"]

1. e4 e6 2. Nf3 d5 3. Nc3 Nf6 4. e5 Nfd7 5. d4 c5 6. Bg5 Qb6 7. dxc5 Bxc5 8. Qd2 Nc6 9. 0-0-0 Qa5 10. Kb1 Bb4 11. Re1 Bxc3 12. Qxc3 Qxc3 13. bxc3 Na5 14. Nd4 a6 15. f4 b5 16. f5 Nc5 17. Bd3 Na4 18. Bd2 Nc4 19. Bxc4 bxc4 20. g4 Bd7 21. Ka1 Kd8 22. Rb1 Kc7 23. Rhf1 Raf8 24. Rf3 h5 25. h3 hxg4 26. hxg4 Nc5 27. Bg5 f6 28. Bf4 Bb5 29. exf6+ Kd7 30. fxg7 Ne4 31. fxe6+ Kc8 32. Be5 1-0

[Event "Titled Tuesday intern op 13th Feb Early"]
[Site "Chess.com INT"]
[Date "2024.02.13"]
[Round "5"]
[White "Fieberg, Samuel"]
[Black "Rustamov, Rustam"]
[Result "0-1"]
[WhiteElo "2157"]
[BlackElo "2261"]
[PlyCount "210"]
[EventDate "2024.02.13"]
[EventType "swiss (blitz)"]
[EventRounds "11"]
[EventCountry "USA"]
[SourceTitle "CB08_2024"]
[SourceDate "2024.02.21"]
[SourceVersion "1"]
[SourceVersionDate "2024.02.21"]
[SourceQuality "1"]

1. Nf3 Nf6 2. g3 e6 3. Bg2 d5 4. 0-0 Be7 5. c4 0-0 6. b3 c5 7. cxd5 exd5 8. d4 Nc6 9. dxc5 Bxc5 10. Bb2 Be6 11. Nd4 Qb6 12. e3 Rac8 13. Nc3 Bxd4 14. Na4 Qa5 15. Bxd4 Nxd4 16. Qxd4 Rc2 17. Rfc1 Rfc8 18. Rxc2 Rxc2 19. Qd3 Qc7 20. b4 b6 21. Nc5 Qe5 22. Nb3 Rb2 23. Qd4 Qxd4 24. Nxd4 Rxb4 25. Nc6 Ra4 26. Bf1 a6 27. Rb1 b5 28. Rb2 d4 29. Nxd4 Rxa2 30. Rb1 Bd5 31. Rc1 g6 32. Rc8+ Kg7 33. Rc1 b4 34. Rb1 a5 35. f3 Nd7 36. e4 Be6 37. Nxe6+ fxe6 38. Bc4 Ra3 39. Bxe6 Nc5 40. Bd5 Rxf3 41. Rc1 Rc3 42. Rf1 a4 43. g4 g5 44. h4 h6 45. h5 b3 46. Rf7+ Kh8 47. Rf8+ Kg7 48. Rf7+ Kh8 49. e5 b2 50. Rf8+ Kg7 51. Rf7+ Kg8 52. Rb7+ Kf8 53. Rxb2 a3 54. Rb8+ Ke7 55. Ra8 Re3 56. Ra7+ Kd8 57. e6 a2 58. Rxa2 Nxe6 59. Bxe6 Rxe6 60. Ra8+ Ke7 61. Rh8 Kf7 62. Rh7+ Kg8 63. Rc7 Re4 64. Rc6 Rxg4+ 65. Kf2 Kg7 66. Rg6+ Kh7 67. Rc6 Rh4 68. Rc7+ Kg8 69. Rc8+ Kg7 70. Rc7+ Kf6 71. Rc6+ Kg7 72. Rc7+ Kf8 73. Rc8+ Ke7 74. Rc7+ Kd8 75. Ra7 Rxh5 76. Kf3 Rh4 77. Kg3 Ke8 78. Ra8+ Kf7 79. Ra7+ Kg6 80. Ra6+ Kh5 81. Ra1 Rb4 82. Rh1+ Kg6 83. Rd1 Rb3+ 84. Kg2 g4 85. Rd5 h5 86. Rc5 Rd3 87. Rc6+ Kg5 88. Rc5+ Kh4 89. Kg1 Rd2 90. Rc1 Kg3 91. Kh1 h4 92. Rg1+ Kh3 93. Re1 g3 94. Kg1 Kg4 95. Rc1 h3 96. Kh1 Kf3 97. Rf1+ Ke2 98. Rf2+ gxf2 99. Kh2 f1Q 100. Kg3 Qg2+ 101. Kh4 Rd4+ 102. Kh5 Qg4+ 103. Kh6 Rd6+ 104. Kh7 Qg6+ 105. Kh8 Rd8# 0-1

[Event "Titled Tuesday intern op 24th Oct Late"]
[Site "Chess.com INT"]
[Date "2023.10.24"]
[Round "1"]
[White "Fieberg, Samuel"]
[Black "Schain, Randolph"]
[Result "1-0"]
[WhiteElo "2157"]
[BlackElo "2116"]
[PlyCount "45"]
[EventDate "2023.10.24"]
[EventType "swiss (blitz)"]
[EventRounds "11"]
[EventCountry "USA"]
[SourceTitle "Mega2024 Update 01"]
[Source "Chessbase"]
[SourceDate "2023.11.12"]
[SourceVersion "1"]
[SourceVersionDate "2023.11.12"]
[SourceQuality "1"]

1. Nf3 c5 2. g3 Nc6 3. Bg2 g6 4. c4 Bg7 5. Nc3 Nf6 6. 0-0 0-0 7. d4 d6 8. dxc5 dxc5 9. Be3 Be6 10. Bxc5 Bxc4 11. Qa4 Ba6 12. Rfd1 Qc7 13. Rac1 Rfd8 14. Rxd8+ Rxd8 15. b4 Bc4 16. Nb5 Bxb5 17. Qxb5 a6 18. Qc4 Qd7 19. Bb6 Rc8 20. Ne5 Qd6 21. Nxf7 Ne5 22. Nh6+ Kh8 23. Qxc8+ 1-0

[Event "Titled Tuesday intern op 19th Sep Early"]
[Site "Chess.com INT"]
[Date "2023.09.19"]
[Round "1"]
[White "Fieberg, Samuel"]
[Black "Crevatin, Leo"]
[Result "0-1"]
[WhiteElo "2157"]
[BlackElo "2292"]
[PlyCount "84"]
[EventDate "2023.09.19"]
[EventType "swiss (blitz)"]
[EventRounds "11"]
[EventCountry "USA"]
[SourceTitle "EXT 2024"]
[Source "ChessBase"]
[SourceDate "2023.10.10"]
[SourceVersion "1"]
[SourceVersionDate "2023.10.10"]
[SourceQuality "1"]

1. d4 Nf6 2. Nc3 d5 3. Bf4 c5 4. e3 cxd4 5. exd4 Bg4 6. Be2 Bxe2 7. Ncxe2 Nc6 8. c3 e6 9. Nf3 Bd6 10. 0-0 0-0 11. Re1 b5 12. a3 a5 13. b4 Qc7 14. Bxd6 Qxd6 15. Qd3 Rab8 16. g3 Rfc8 17. Nd2 e5 18. Nb3 Ne4 19. Nc5 Nxc5 20. dxc5 Qd7 21. Rad1 Rd8 22. f4 h5 23. fxe5 Nxe5 24. Qe3 Re8 25. Nd4 Ng4 26. Qf4 Rxe1+ 27. Rxe1 Re8 28. Rf1 axb4 29. c6 Qa7 30. c7 Nf6 31. axb4 Rc8 32. Qf2 Qxc7 33. Nxb5 Qd7 34. Qb6 h4 35. Rxf6 gxf6 36. Qxf6 Qxb5 37. Qg5+ Kf8 38. Qh6+ Ke8 39. Qh8+ Kd7 40. Qxh4 Qb6+ 41. Kg2 Qe6 42. Qd4 Qe4+ 0-1

[Event "Titled Tuesday intern op 15th Aug Early"]
[Site "Chess.com INT"]
[Date "2023.08.15"]
[Round "1"]
[White "Vaglio Munoz, Jaime"]
[Black "Fieberg, Samuel"]
[Result "0-1"]
[WhiteElo "2174"]
[BlackElo "2157"]
[PlyCount "130"]
[EventDate "2023.08.15"]
[EventType "swiss (blitz)"]
[EventRounds "11"]
[EventCountry "USA"]
[SourceTitle "EXT 2024"]
[Source "ChessBase"]
[SourceDate "2023.10.10"]
[SourceVersion "1"]
[SourceVersionDate "2023.10.10"]
[SourceQuality "1"]

1. Nf3 d5 2. c4 e6 3. b3 c5 4. Bb2 Nc6 5. cxd5 exd5 6. g3 Nf6 7. Bg2 Be7 8. 0-0 0-0 9. d4 Bg4 10. Nbd2 Qb6 11. Rc1 cxd4 12. h3 Bh5 13. a3 Rad8 14. b4 Ne4 15. Nb3 Bf6 16. g4 Bg6 17. Nfxd4 Rfe8 18. e3 Ne5 19. Nc5 Nxc5 20. Rxc5 Nc4 21. Bc1 Be4 22. Bxe4 Rxe4 23. Nf5 Qe6 24. a4 b6 25. Rxc4 Rxc4 26. Bd2 g6 27. Ng3 d4 28. e4 d3 29. f4 Bd4+ 30. Kg2 Rc2 31. Kf3 Bc3 32. Rf2 Bxd2 33. Rxd2 Qa2 34. Rxd3 Rxd3+ 35. Qxd3 Rc8 36. e5 Qb2 37. Ne4 Qh2 38. Nf6+ Kg7 39. Ke4 Qg2+ 40. Ke3 Qg3+ 41. Ke4 Qxd3+ 42. Kxd3 h5 43. g5 Rc1 44. Ne8+ Kf8 45. Nd6 Ra1 46. Kc4 Rxa4 47. Kb5 Ra3 48. Nc8 Ke8 49. Nd6+ Ke7 50. Nc8+ Ke6 51. Nd6 h4 52. Nc8 Rxh3 53. Nxa7 Rb3 54. Nc8 h3 55. Nxb6 h2 56. Nc8 h1Q 57. Nd6 Qd5+ 58. Kb6 Rxb4+ 59. Kc7 Rc4+ 60. Kb6 Rc6+ 61. Kb7 Qc5 62. Kb8 Qb6+ 63. Ka8 Rc7 64. f5+ Kd5 65. Nc8 Qb7# 0-1

[Event "Titled Tuesday intern op 25th Jul Early"]
[Site "Chess.com INT"]
[Date "2023.07.25"]
[Round "2"]
[White "Fieberg, Samuel"]
[Black "Salinas Herrera, Pablo Patricio"]
[Result "0-1"]
[WhiteElo "2157"]
[BlackElo "2468"]
[PlyCount "60"]
[EventDate "2023.07.25"]
[EventType "swiss (blitz)"]
[EventRounds "11"]
[EventCountry "USA"]
[SourceTitle "EXT 2024"]
[Source "ChessBase"]
[SourceDate "2023.10.10"]
[SourceVersion "1"]
[SourceVersionDate "2023.10.10"]
[SourceQuality "1"]

1. Nf3 d6 2. d4 g6 3. e4 Bg7 4. c3 Nf6 5. Bd3 0-0 6. 0-0 Nc6 7. h3 e5 8. dxe5 dxe5 9. Qe2 Nh5 10. Rd1 Qe7 11. Qf1 Nf4 12. Bb5 Bd7 13. b3 Rfd8 14. Ba3 Qe8 15. Nbd2 a6 16. Bc4 b5 17. Bd5 Nxd5 18. exd5 Ne7 19. Ne4 Bf5 20. d6 cxd6 21. Nxd6 Qc6 22. Nxb5 Nd5 23. c4 axb5 24. cxd5 Rxd5 25. Rxd5 Qxd5 26. Rd1 Qb7 27. Bb2 e4 28. Bxg7 exf3 29. Bf6 fxg2 30. Qd3 Bxd3 0-1

[Event "Titled Tuesday intern op 11th Jul Early"]
[Site "Chess.com INT"]
[Date "2023.07.11"]
[Round "3"]
[White "Fieberg, Samuel"]
[Black "Prestia, Paris"]
[Result "0-1"]
[WhiteElo "2157"]
[BlackElo "2059"]
[PlyCount "68"]
[EventDate "2023.07.11"]
[EventType "swiss (blitz)"]
[EventRounds "11"]
[EventCountry "USA"]
[SourceTitle "EXT 2024"]
[Source "ChessBase"]
[SourceDate "2023.10.10"]
[SourceVersion "1"]
[SourceVersionDate "2023.10.10"]
[SourceQuality "1"]

1. d4 Nf6 2. Nc3 d5 3. Bf4 e6 4. Nb5 Na6 5. e3 c6 6. Nc3 Nc7 7. Nf3 a6 8. Bd3 Nb5 9. Nxb5 axb5 10. Ne5 Be7 11. c3 Nd7 12. a3 Nxe5 13. Bxe5 f6 14. Bg3 0-0 15. Qh5 h6 16. Qg6 f5 17. Be5 Bf6 18. f4 Bd7 19. g4 Be8 20. gxf5 Bxg6 21. fxg6 Bxe5 22. dxe5 Qh4+ 23. Kd2 b4 24. axb4 Rxa1 25. Rxa1 Qxh2+ 26. Be2 h5 27. Rf1 h4 28. Kd3 h3 29. Bf3 Qxb2 30. Rh1 h2 31. Be2 Ra8 32. Bg4 Qg2 33. Bxe6+ Kf8 34. f5 Qe4+ 0-1

[Event "Titled Tuesday intern op 11th Jul Late"]
[Site "Chess.com INT"]
[Date "2023.07.11"]
[Round "3"]
[White "Veiga, Jose Francisco RP"]
[Black "Fieberg, Samuel"]
[Result "1-0"]
[WhiteElo "2397"]
[BlackElo "2157"]
[PlyCount "85"]
[EventDate "2023.07.11"]
[EventType "swiss (blitz)"]
[EventRounds "11"]
[EventCountry "USA"]
[SourceTitle "EXT 2024"]
[Source "ChessBase"]
[SourceDate "2023.10.10"]
[SourceVersion "1"]
[SourceVersionDate "2023.10.10"]
[SourceQuality "1"]

1. e4 e6 2. b3 d5 3. Bb2 a6 4. Qe2 d4 5. Nf3 c5 6. c3 Nc6 7. Na3 e5 8. g3 Bg4 9. h3 Bh5 10. Bg2 Bd6 11. g4 Bg6 12. h4 h5 13. g5 b5 14. Rc1 Qb6 15. cxd4 Nxd4 16. Nxd4 cxd4 17. 0-0 Ne7 18. f4 Bxa3 19. Bxa3 b4 20. Bb2 d3+ 21. Qf2 Qxf2+ 22. Rxf2 exf4 23. Bxg7 Rg8 24. Bf6 Rc8 25. Rxc8+ Nxc8 26. Rxf4 Kd7 27. Bh3+ Kc6 28. Kf2 Nd6 29. Ke3 a5 30. Kxd3 Nb5 31. Ke2 Ra8 32. e5 Kb6 33. e6 fxe6 34. Kf2 Re8 35. Be5 Bb1 36. Rf6 Nc7 37. g6 Rg8 38. Rf7 Nd5 39. g7 Bxa2 40. Bxe6 Bxb3 41. Rb7+ Kc6 42. Bxg8 Kxb7 43. Be6 1-0

[Event "Titled Tuesday intern op 13th Jun Late"]
[Site "Chess.com INT"]
[Date "2023.06.13"]
[Round "1"]
[White "Cassi, Elisa"]
[Black "Fieberg, Samuel"]
[Result "1-0"]
[WhiteElo "2178"]
[BlackElo "2157"]
[PlyCount "71"]
[EventDate "2023.06.13"]
[EventType "swiss (blitz)"]
[EventRounds "11"]
[EventCountry "USA"]
[SourceTitle "EXT 2024"]
[Source "ChessBase"]
[SourceDate "2023.10.10"]
[SourceVersion "1"]
[SourceVersionDate "2023.10.10"]
[SourceQuality "1"]

1. d4 d5 2. Bf4 c5 3. e3 Nc6 4. c3 cxd4 5. exd4 Bf5 6. Bd3 Bxd3 7. Qxd3 e6 8. Nf3 Bd6 9. Bxd6 Qxd6 10. 0-0 Nge7 11. Nbd2 0-0 12. Rae1 Qf4 13. Ne5 Nxe5 14. Rxe5 Ng6 15. Ree1 a6 16. g3 Qg4 17. f3 Qh3 18. Qe2 Rac8 19. Qg2 Qf5 20. f4 Qc2 21. Nf3 Qa4 22. a3 b5 23. Ne5 a5 24. Nd7 Rfd8 25. Nb6 Qb3 26. Nxc8 Rxc8 27. f5 Nf8 28. f6 b4 29. fxg7 Ng6 30. axb4 axb4 31. Qf2 Rc7 32. Rxe6 Kxg7 33. Qf6+ Kh6 34. Qf4+ Kg7 35. Rxg6+ hxg6 36. Qxc7 1-0

[Event "Titled Tuesday intern op 06th Jun Late"]
[Site "Chess.com INT"]
[Date "2023.06.06"]
[Round "5"]
[White "Fieberg, Samuel"]
[Black "Pironti, Francisco Ferrari"]
[Result "1-0"]
[WhiteElo "2157"]
[BlackElo "2010"]
[PlyCount "147"]
[EventDate "2023.06.06"]
[EventType "swiss (blitz)"]
[EventRounds "11"]
[EventCountry "USA"]
[SourceTitle "EXT 2024"]
[Source "ChessBase"]
[SourceDate "2023.10.10"]
[SourceVersion "1"]
[SourceVersionDate "2023.10.10"]
[SourceQuality "1"]

1. e4 e5 2. Nf3 Nc6 3. d4 exd4 4. Nxd4 Nf6 5. Nxc6 bxc6 6. Nd2 d6 7. Bd3 Be7 8. 0-0 0-0 9. f4 Bb7 10. c3 c5 11. Qc2 h6 12. b3 Re8 13. Bb2 Nd7 14. c4 Bf6 15. Rae1 Bxb2 16. Qxb2 Qf6 17. Qc2 Nb8 18. e5 dxe5 19. fxe5 Qe7 20. e6 fxe6 21. Bh7+ Kh8 22. Qg6 Nc6 23. Rf7 Qg5 24. Qxg5 hxg5 25. Be4 Ne5 26. Rxc7 Bxe4 27. Rxe4 Nd3 28. Nf3 Rad8 29. Nxg5 Rd4 30. Rxe6 Rf8 31. Rf7 Rxf7 32. Nxf7+ Kg8 33. Ng5 Kf8 34. Re3 Nf4 35. g3 Rd1+ 36. Kf2 Rd2+ 37. Kf3 Nd3 38. Ne6+ Kg8 39. Nf4 Rf2+ 40. Kg4 Nxf4 41. gxf4 Rxh2 42. Re8+ Kf7 43. Ra8 Rb2 44. Rxa7+ Kf6 45. Ra6+ Kf7 46. Kf5 g6+ 47. Ke5 Kg7 48. Ra7+ Kh6 49. Kd5 Rf2 50. Kxc5 Rxf4 51. Kb6 g5 52. Rd7 g4 53. c5 g3 54. Rd3 g2 55. Rg3 Rf2 56. a4 Rb2 57. Kc7 Rxb3 58. Rxg2 Rb4 59. Ra2 Rc4 60. c6 Kg5 61. a5 Kf6 62. a6 Ke6 63. a7 Kd5 64. Ra5+ Ke6 65. a8Q Rc5 66. Qe8+ Kf6 67. Qf8+ Kg6 68. Qxc5 Kh6 69. Kd7 Kg6 70. c7 Kf6 71. c8Q Kg6 72. Q8c6+ Kg7 73. Qe7+ Kg8 74. Ra8# 1-0

[Event "Titled Tuesday intern op 25th Apr Early"]
[Site "Chess.com INT"]
[Date "2023.04.25"]
[Round "2"]
[White "Fieberg, Samuel"]
[Black "Wagner, Dennis"]
[Result "0-1"]
[WhiteElo "2157"]
[BlackElo "2588"]
[PlyCount "64"]
[EventDate "2023.04.25"]
[EventType "swiss (blitz)"]
[EventRounds "11"]
[EventCountry "USA"]
[SourceTitle "EXT 2024"]
[Source "ChessBase"]
[SourceDate "2023.10.10"]
[SourceVersion "1"]
[SourceVersionDate "2023.10.10"]
[SourceQuality "1"]

1. e4 e5 2. Nf3 Nc6 3. d4 exd4 4. Nxd4 Nf6 5. Nxc6 bxc6 6. Nd2 Bc5 7. Bd3 0-0 8. 0-0 d6 9. h3 Re8 10. Qf3 a5 11. Nb3 Bb6 12. Bg5 a4 13. Bxf6 Qxf6 14. Qxf6 gxf6 15. Nd2 Be6 16. c3 Reb8 17. Bc4 d5 18. Bd3 Ba5 19. exd5 cxd5 20. Rab1 c5 21. Rfd1 a3 22. b4 cxb4 23. cxb4 Bxb4 24. Nf3 Bc3 25. Rxb8+ Rxb8 26. Rc1 d4 27. Rc2 Rb1+ 28. Kh2 Ra1 29. Nh4 Rxa2 30. Rc1 Rxf2 31. Kg3 Rd2 32. Bf5 a2 0-1

[Event "Titled Tuesday intern op 28th Feb Early"]
[Site "Chess.com INT"]
[Date "2023.02.28"]
[Round "8"]
[White "Rose, Felix"]
[Black "Fieberg, Samuel"]
[Result "0-1"]
[WhiteElo "2091"]
[BlackElo "2157"]
[PlyCount "72"]
[EventDate "2023.02.28"]
[EventType "swiss (blitz)"]
[EventRounds "11"]
[EventCountry "USA"]
[SourceTitle "CBM 213 Extra"]
[Source "ChessBase"]
[SourceDate "2023.05.31"]
[SourceVersion "1"]
[SourceVersionDate "2023.05.31"]
[SourceQuality "1"]

1. e4 e6 2. d4 d5 3. Nc3 Nf6 4. e5 Nfd7 5. f4 c5 6. Nf3 Nc6 7. Be3 cxd4 8. Nxd4 Qb6 9. Qd2 Qxb2 10. Rb1 Qa3 11. Bb5 Nxd4 12. Bxd4 a6 13. Bxd7+ Bxd7 14. Rxb7 Bb4 15. 0-0 Bc8 16. Rb6 0-0 17. Rf3 Bd7 18. Nb1 Qxf3 19. Rxb4 Qg4 20. h3 Qg6 21. Rb7 Ba4 22. Na3 Rfc8 23. c3 Rab8 24. Qb2 Bb5 25. Rxb8 Rxb8 26. Nc2 Rb7 27. Ne3 h5 28. Kh2 Bc6 29. Qf2 Rb1 30. Qh4 Rb2 31. c4 Re2 32. cxd5 Bxd5 33. Qd8+ Kh7 34. Qg5 Qxg5 35. fxg5 Bxa2 36. Kg3 a5 0-1

[Event "Titled Tuesday intern op 21st Feb Late"]
[Site "Chess.com INT"]
[Date "2023.02.21"]
[Round "3"]
[White "Fieberg, Samuel"]
[Black "Gerbelli Neto, Eduardo"]
[Result "0-1"]
[WhiteElo "2157"]
[BlackElo "2114"]
[PlyCount "102"]
[EventDate "2023.02.21"]
[EventType "swiss (blitz)"]
[EventRounds "11"]
[EventCountry "USA"]
[SourceTitle "CBM 212 Extra"]
[Source "ChessBase"]
[SourceDate "2023.03.31"]
[SourceVersion "1"]
[SourceVersionDate "2023.03.31"]
[SourceQuality "1"]

1. c4 c5 2. g3 Nf6 3. Bg2 d5 4. cxd5 Nxd5 5. Nc3 Nc7 6. Qb3 Nc6 7. Bxc6+ bxc6 8. Nf3 e6 9. d3 Bd7 10. Qc4 Nd5 11. b3 Rb8 12. Bb2 Rb4 13. Qa6 Rb6 14. Qa4 Nb4 15. Qxa7 Ra6 16. Qb7 Bc8 17. Qxa6 Bxa6 18. 0-0 Be7 19. a3 Nc2 20. Rac1 Nd4 21. Nxd4 cxd4 22. Ne4 Bb7 23. Nc5 Bc8 24. b4 0-0 25. Rc4 e5 26. f4 f6 27. f5 g6 28. g4 Kf7 29. Ne4 gxf5 30. gxf5 Rg8+ 31. Kh1 Qd5 32. a4 Rg4 33. Rcc1 Rf4 34. Rxf4 exf4 35. b5 Bxf5 36. bxc6 Bxe4+ 37. dxe4 Qxe4+ 38. Kg1 Qe3+ 39. Kg2 Qxe2+ 40. Kh3 Qxb2 41. Rc4 Qb3+ 42. Kg4 Qxc4 43. c7 Qxc7 44. a5 Qxa5 45. h4 Qe5 46. h5 d3 47. h6 d2 48. Kf3 d1Q+ 49. Kg2 f3+ 50. Kh3 Qh1+ 51. Kg4 Qg5# 0-1